| 000 | 00412nam a22001577a 4500 | ||
|---|---|---|---|
| 003 | OSt | ||
| 008 | 250707b |||||||| |||| 00| 0 eng d | ||
| 020 | _a8171640141 | ||
| 082 |
_a633.88 _bC45J |
||
| 100 | _aDr. Virendra Chandra | ||
| 245 | _aजरी बूटियों की खेती | ||
| 260 |
_aNew Delhi _bICAR _c2020 |
||
| 300 | _axii,263p | ||
| 700 | _aDr. Mukul Chand Panday | ||
| 942 |
_2ddc _cHB |
||
| 999 |
_c48377 _d48377 |
||